000 00651nam a2200241 a 4500
001 nice12345678
003 IN_TiNIC
005 20260116012329.0
008 050524s0000 laha grp 000 0 urd
020 _a
_c100
082 0 0 _a297.294
_bVID
100 _aVidhiyarthi, Abdul Haqq
245 _aAina Haqq Numa, Part 1 & 2 Bound Together
260 _aLahore
_bAhmadiyya Anjuman Ishaat-E-Islam
_c0000
300 _a00p
500 _aincludes index and biblioraphy
505 2 _aPart One and Two Bound Together
650 _aIslam-Apologetic Works
700 1 _aVidhiyarthi, Abdul Haqq
902 _bSRS
942 _cBK
999 _c6588
_d6588